Music Quiz

Random Music Quiz

XXL Freshmen 2013 Quiz Stats

 Plays Quiz not verified by Sporcle

Challenge
Share
Tweet
Embed
Score 0/11 Timer 05:00
0 Plays Today
Hint Answer % Correct
Joey Badass
100%
Ab Soul
100%
Action Bronson
100%
Schoolboy Q
83.3%
Logic
83.3%
Trinidad James
66.7%
Kirko Bangz
66.7%
Travis Scott
66.7%
Angel Haze
66.7%
Dizzy Wright
66.7%
Chief Keef
50%

You're not logged in!

Compare scores with friends on all Sporcle quizzes.
OR
Log In

You Might Also Like...

Show Comments

Extras

Created Apr 5, 2017ReportNominate
Tags:2013, freshmen, xxl

Top Quizzes Today


Score Distribution

Your Account Isn't Verified!

In order to create a playlist on Sporcle, you need to verify the email address you used during registration. Go to your Sporcle Settings to finish the process.

Report this User

Report this user for behavior that violates our Community Guidelines.

Details: